[Event "5. Obert Internacional Masdenverge 2016"]
[Site "Masdenverge ESP"]
[Date "2016.06.25"]
[Round "5.4"]
[White "Molano Lafuente, Ismael"]
[Black "Accensi Estrada, Miguel Angel"]
[Result "0-1"]
[WhiteElo "2065"]
[BlackElo "2185"]
[PlyCount "56"]
[EventDate "2016.06.24"]
[EventType "swiss"]
[EventRounds "7"]
[EventCountry "ESP"]
[SourceTitle "Ajedrez en Madrid"]
[Source "lmi"]
[SourceDate "2016.06.24"]
[SourceVersion "1"]
[SourceVersionDate "2018.04.15"]
[SourceQuality "1"]

1. e4 c5 2. b3 Nc6 3. Bb2 d6 4. f4 Nf6 5. Bd3 e6 6. Qf3 a6 7. Ne2 Nb4 8. a4
Nxd3+ 9. Qxd3 Qc7 10. a5 Bd7 11. Nbc3 Rd8 12. O-O Bc6 13. Ng3 Be7 14. Qe2 O-O
15. d3 Rfe8 16. e5 Nd7 17. Nce4 d5 18. Ng5 g6 19. Nxf7 Kxf7 20. f5 exf5 21.
Nxf5 gxf5 22. Rxf5+ Kg8 23. Qg4+ Kh8 24. Rf7 Rg8 25. Qh5 Nf8 26. Raf1 d4 27.
R1f5 Be8 28. e6 Qc6 0-1

[Event "5. Obert Internacional Masdenverge 2016"]
[Site "Masdenverge ESP"]
[Date "2016.06.25"]
[Round "5.5"]
[White "Jordan Martinez, David"]
[Black "Adan Chavarria, Pere"]
[Result "1/2-1/2"]
[WhiteElo "2195"]
[BlackElo "1994"]
[PlyCount "45"]
[EventDate "2016.06.24"]
[EventType "swiss"]
[EventRounds "7"]
[EventCountry "ESP"]
[SourceTitle "Ajedrez en Madrid"]
[Source "lmi"]
[SourceDate "2016.06.24"]
[SourceVersion "1"]
[SourceVersionDate "2018.04.15"]
[SourceQuality "1"]

1. e4 e5 2. Nf3 Nc6 3. Bc4 Be7 4. Nc3 Nf6 5. d4 d6 6. h3 O-O 7. O-O exd4 8.
Nxd4 Bd7 9. Be3 a6 10. a4 Nxd4 11. Bxd4 Bc6 12. Qd3 Nd7 13. Bd5 Bf6 14. Bxc6
bxc6 15. Ne2 Re8 16. f3 d5 17. Nc3 Ne5 18. Bxe5 Bxe5 19. exd5 Bxc3 20. Qxc3
cxd5 21. Rfd1 Qd6 22. Qd3 Rad8 23. b3 1/2-1/2

[Event "5. Obert Internacional Masdenverge 2016"]
[Site "Masdenverge ESP"]
[Date "2016.06.25"]
[Round "5.6"]
[White "Roig Aguilar, Alejandro"]
[Black "De Paz Sanmartin, Jose Angel"]
[Result "1-0"]
[WhiteElo "2192"]
[BlackElo "1990"]
[PlyCount "55"]
[EventDate "2016.06.24"]
[EventType "swiss"]
[EventRounds "7"]
[EventCountry "ESP"]
[SourceTitle "Ajedrez en Madrid"]
[Source "lmi"]
[SourceDate "2016.06.24"]
[SourceVersion "1"]
[SourceVersionDate "2018.04.15"]
[SourceQuality "1"]

1. d4 d5 2. c4 e6 3. Nc3 Nf6 4. cxd5 exd5 5. Bg5 Be7 6. Qc2 O-O 7. e3 Nbd7 8.
Nf3 h6 9. Bh4 Re8 10. Bd3 c5 11. O-O b6 12. Bb5 Bb7 13. dxc5 bxc5 14. Rfd1 a6
15. Ba4 g5 16. Bg3 Bf8 17. Qf5 Re6 18. Bb3 c4 19. Bc2 Qe7 20. Nxd5 Bxd5 21.
Rxd5 Bg7 22. Rd2 Nh5 23. Rad1 Nxg3 24. hxg3 Ne5 25. Nd4 Rc6 26. Qh7+ Kf8 27.
Nf5 Qf6 28. Nxg7 1-0

[Event "5. Obert Internacional Masdenverge 2016"]
[Site "Masdenverge ESP"]
[Date "2016.06.25"]
[Round "5.7"]
[White "Orti Camany, Vicente Jose"]
[Black "Campos Olaya, Israel"]
[Result "1/2-1/2"]
[WhiteElo "1963"]
[BlackElo "2162"]
[PlyCount "68"]
[EventDate "2016.06.24"]
[EventType "swiss"]
[EventRounds "7"]
[EventCountry "ESP"]
[SourceTitle "Ajedrez en Madrid"]
[Source "lmi"]
[SourceDate "2016.06.24"]
[SourceVersion "1"]
[SourceVersionDate "2018.04.15"]
[SourceQuality "1"]

1. e4 e6 2. d4 d5 3. exd5 exd5 4. c4 Nf6 5. Nf3 Bb4+ 6. Nc3 O-O 7. Bd3 dxc4 8.
Bxc4 Qe7+ 9. Be3 Bg4 10. h3 Bh5 11. O-O Nbd7 12. g4 Nb6 13. Qb3 Nxc4 14. Qxc4
Bg6 15. Ne5 Bxc3 16. Nxg6 hxg6 17. bxc3 Qd7 18. Bf4 Nd5 19. Bg3 c6 20. Qb3 g5
21. c4 Nf4 22. Bxf4 gxf4 23. Rad1 Rae8 24. Qf3 f5 25. Qxf4 Re4 26. Qf3 Rxd4 27.
Rxd4 Qxd4 28. Rd1 Qxc4 29. g5 g6 30. Qe3 Qe4 31. Qb3+ Kh8 32. Qc3+ Kg8 33. Rd7
Rf7 34. Rd8+ Rf8 1/2-1/2

[Event "5. Obert Internacional Masdenverge 2016"]
[Site "Masdenverge ESP"]
[Date "2016.06.25"]
[Round "5.8"]
[White "Colls Gelaberto, Emili"]
[Black "De La Plaza Gras, Jordi"]
[Result "1/2-1/2"]
[WhiteElo "2135"]
[BlackElo "1933"]
[PlyCount "48"]
[EventDate "2016.06.24"]
[EventType "swiss"]
[EventRounds "7"]
[EventCountry "ESP"]
[SourceTitle "Ajedrez en Madrid"]
[Source "lmi"]
[SourceDate "2016.06.24"]
[SourceVersion "1"]
[SourceVersionDate "2018.04.15"]
[SourceQuality "1"]

1. Nf3 f5 2. g3 Nf6 3. Bg2 g6 4. O-O Bg7 5. d4 d6 6. c4 O-O 7. Nc3 c6 8. d5 e5
9. dxe6 Bxe6 10. Qd3 Na6 11. Ng5 Qe7 12. Nxe6 Qxe6 13. e3 Nc5 14. Qe2 Nfe4 15.
Nxe4 fxe4 16. Rb1 Nd3 17. b3 Nxc1 18. Rbxc1 d5 19. cxd5 cxd5 20. Rc7 Rf7 21.
Rfc1 Raf8 22. Rxf7 Qxf7 23. Bh3 a6 24. Rc2 h5 1/2-1/2

[Event "5. Obert Internacional Masdenverge 2016"]
[Site "Masdenverge ESP"]
[Date "2016.06.25"]
[Round "5.9"]
[White "Buch Prades, Joan"]
[Black "Ferre Fornos, J. Enric"]
[Result "1-0"]
[WhiteElo "2077"]
[BlackElo "1888"]
[PlyCount "71"]
[EventDate "2016.06.24"]
[EventType "swiss"]
[EventRounds "7"]
[EventCountry "ESP"]
[SourceTitle "Ajedrez en Madrid"]
[Source "lmi"]
[SourceDate "2016.06.24"]
[SourceVersion "1"]
[SourceVersionDate "2018.04.15"]
[SourceQuality "1"]

1. d4 d6 2. c4 e5 3. e4 exd4 4. Qxd4 Nc6 5. Qd1 Nf6 6. Nc3 g6 7. Bg5 Bg7 8. Be2
O-O 9. Qd2 Re8 10. f3 Be6 11. h4 Ne5 12. b3 c6 13. O-O-O Qa5 14. Na4 Qxd2+ 15.
Rxd2 Red8 16. Nh3 h6 17. Be3 Bf8 18. Nf4 Kh7 19. g4 Nfd7 20. Nxe6 fxe6 21. f4
Nf7 22. Bd3 Kg7 23. Rg2 e5 24. f5 Nh8 25. g5 h5 26. Rf1 Kh7 27. Be2 Bg7 28.
Rfg1 a6 29. f6 Bf8 30. Bxh5 gxh5 31. g6+ Kg8 32. g7 Nxf6 33. gxh8=Q+ Kxh8 34.
Bg5 Be7 35. Bxf6+ Bxf6 36. Rg6 1-0

[Event "5. Obert Internacional Masdenverge 2016"]
[Site "Masdenverge ESP"]
[Date "2016.06.25"]
[Round "5.10"]
[White "Aledo Lopez, Angel"]
[Black "Aviol Perez, Jose Mariano"]
[Result "1-0"]
[WhiteElo "2049"]
[BlackElo "1860"]
[PlyCount "51"]
[EventDate "2016.06.24"]
[EventType "swiss"]
[EventRounds "7"]
[EventCountry "ESP"]
[SourceTitle "Ajedrez en Madrid"]
[Source "lmi"]
[SourceDate "2016.06.24"]
[SourceVersion "1"]
[SourceVersionDate "2018.04.15"]
[SourceQuality "1"]

1. e4 d6 2. d4 Nf6 3. Nf3 g6 4. Bc4 Bg7 5. Qe2 Nc6 6. Nc3 O-O 7. Bf4 Bg4 8.
O-O-O Nd7 9. e5 Nb6 10. Bb3 Na5 11. h3 Bxf3 12. Qxf3 c6 13. h4 Nac4 14. h5 Qc8
15. g4 dxe5 16. dxe5 Bxe5 17. Bh6 Bg7 18. hxg6 fxg6 19. Qe2 Bxh6+ 20. Rxh6 Rf4
21. Qxe7 Rxg4 22. Qxh7+ Kf8 23. Rxg6 Rxg6 24. Qxg6 Qe8 25. Qh6+ Kf7 26. Qf4+
1-0

[Event "5. Obert Internacional Masdenverge 2016"]
[Site "Masdenverge ESP"]
[Date "2016.06.26"]
[Round "6.1"]
[White "Accensi Estrada, Miguel Angel"]
[Black "Jordan Martinez, Miguel"]
[Result "1/2-1/2"]
[WhiteElo "2185"]
[BlackElo "2193"]
[PlyCount "88"]
[EventDate "2016.06.24"]
[EventType "swiss"]
[EventRounds "7"]
[EventCountry "ESP"]
[SourceTitle "Ajedrez en Madrid"]
[Source "lmi"]
[SourceDate "2016.06.24"]
[SourceVersion "1"]
[SourceVersionDate "2018.04.15"]
[SourceQuality "1"]

1. Nf3 c5 2. c4 Nc6 3. Nc3 e5 4. e3 d6 5. d4 Be7 6. Nd5 Nf6 7. Nxe7 Qxe7 8. d5
Nb8 9. Qc2 Bg4 10. e4 O-O 11. Be2 Na6 12. a3 Nc7 13. O-O Bh5 14. Ne1 Bxe2 15.
Qxe2 Nd7 16. Nc2 Qh4 17. f3 f5 18. Bd2 Rf7 19. exf5 Rxf5 20. Ne3 Rf7 21. Ng4
Raf8 22. Nf2 Nf6 23. Rae1 Qh5 24. Qd3 b6 25. Ne4 Nxe4 26. Rxe4 Ne8 27. Be1 Qg6
28. Qe2 Nf6 29. Rh4 h6 30. Bd2 Nh5 31. Qe4 Qxe4 32. Rxe4 a6 33. Re3 Rb7 34. g3
b5 35. Rb3 Rfb8 36. cxb5 Rxb5 37. Rxb5 Rxb5 38. Bc3 c4 39. Rd1 Nf6 40. Bb4 e4
41. fxe4 Nxe4 42. Rd4 a5 43. Rxe4 axb4 44. Rxc4 bxa3 1/2-1/2

[Event "5. Obert Internacional Masdenverge 2016"]
[Site "Masdenverge ESP"]
[Date "2016.06.26"]
[Round "6.2"]
[White "Hassomal Daswani, Birjkumar"]
[Black "Aymerich Rosell, Pablo"]
[Result "1-0"]
[WhiteElo "2031"]
[BlackElo "2173"]
[PlyCount "69"]
[EventDate "2016.06.24"]
[EventType "swiss"]
[EventRounds "7"]
[EventCountry "ESP"]
[SourceTitle "Ajedrez en Madrid"]
[Source "lmi"]
[SourceDate "2016.06.24"]
[SourceVersion "1"]
[SourceVersionDate "2018.04.15"]
[SourceQuality "1"]

1. e4 e5 2. Nf3 Nc6 3. Bb5 Nge7 4. O-O g6 5. d4 exd4 6. Nxd4 Bg7 7. c3 O-O 8.
Bg5 Nxd4 9. cxd4 h6 10. Be3 c6 11. Ba4 d5 12. f3 dxe4 13. fxe4 f5 14. Bb3+ Kh7
15. Nc3 fxe4 16. Rxf8 Qxf8 17. Nxe4 Nf5 18. Bf2 Qd8 19. d5 Bxb2 20. dxc6 Qxd1+
21. Rxd1 bxc6 22. Rd8 Ne7 23. Bc5 Nd5 24. Nd6 Ne7 25. Be6 Bxe6 26. Rxa8 Nd5 27.
Rxa7+ Kg8 28. a4 Nf4 29. a5 Nd3 30. Be3 c5 31. a6 c4 32. Ra8+ Kg7 33. a7 Bd5
34. Rb8 c3 35. Bd4+ 1-0

[Event "5. Obert Internacional Masdenverge 2016"]
[Site "Masdenverge ESP"]
[Date "2016.06.26"]
[Round "6.3"]
[White "Panella Navarro, Sergi"]
[Black "Aledo Lopez, Angel"]
[Result "1-0"]
[WhiteElo "2194"]
[BlackElo "2049"]
[PlyCount "83"]
[EventDate "2016.06.24"]
[EventType "swiss"]
[EventRounds "7"]
[EventCountry "ESP"]
[SourceTitle "Ajedrez en Madrid"]
[Source "lmi"]
[SourceDate "2016.06.24"]
[SourceVersion "1"]
[SourceVersionDate "2018.04.15"]
[SourceQuality "1"]

1. e4 b6 2. d4 Bb7 3. Bd3 e6 4. Nf3 c5 5. c3 Nf6 6. Qe2 Be7 7. O-O Nc6 8. Nbd2
cxd4 9. cxd4 Nb4 10. Bb5 a6 11. Ba4 a5 12. a3 Ba6 13. Bb5 Bxb5 14. Qxb5 Nc6 15.
d5 Na7 16. Qb3 O-O 17. d6 Bxd6 18. e5 Bc5 19. exf6 Qxf6 20. Ne4 Qg6 21. Nxc5
bxc5 22. Be3 Qh5 23. Qb6 c4 24. Qc7 Nc6 25. Qxd7 Ne5 26. Nxe5 Qxe5 27. Qd4 Qb5
28. Rfd1 Rab8 29. Rac1 Rfc8 30. Bf4 Ra8 31. Rc2 h6 32. Rdc1 f6 33. Rxc4 Rxc4
34. Qxc4 Qxb2 35. Qxe6+ Kh8 36. Qe7 Qd4 37. Be3 Qa4 38. h3 Re8 39. Qf7 Rg8 40.
Rc7 Kh7 41. Qxf6 Qxa3 42. Qxh6# 1-0

[Event "5. Obert Internacional Masdenverge 2016"]
[Site "Masdenverge ESP"]
[Date "2016.06.26"]
[Round "6.5"]
[White "Canales Garcia, Vicenc"]
[Black "Roig Aguilar, Alejandro"]
[Result "0-1"]
[WhiteElo "2026"]
[BlackElo "2192"]
[PlyCount "94"]
[EventDate "2016.06.24"]
[EventType "swiss"]
[EventRounds "7"]
[EventCountry "ESP"]
[SourceTitle "Ajedrez en Madrid"]
[Source "lmi"]
[SourceDate "2016.06.24"]
[SourceVersion "1"]
[SourceVersionDate "2018.04.15"]
[SourceQuality "1"]

1. c4 c5 2. g3 Nc6 3. Bg2 e5 4. Nc3 g6 5. e3 Bg7 6. Nge2 a6 7. O-O Nge7 8. a3
O-O 9. Rb1 a5 10. Nd5 d6 11. Nec3 Be6 12. d3 Kh8 13. e4 Rb8 14. Be3 h6 15. b4
axb4 16. axb4 Bxd5 17. b5 Be6 18. bxc6 Nxc6 19. Nb5 f5 20. Qd2 Kh7 21. Rfc1 Rf7
22. f3 Qf8 23. Bf2 h5 24. Qe2 Bh6 25. Rc2 Nd4 26. Nxd4 cxd4 27. Rcb2 Qc8 28.
Rb6 Bf8 29. Be1 Bd7 30. Bd2 Bc6 31. Bg5 fxe4 32. fxe4 Ra8 33. h3 Ra3 34. Rf1
Qe8 35. Rbb1 Rxf1+ 36. Rxf1 Bg7 37. Bf6 Bh6 38. g4 Bf4 39. Bf3 Qe6 40. Bd8 g5
41. h4 gxh4 42. Bxh4 Ra8 43. Kh1 hxg4 44. Bxg4 Qh6 45. Bf5+ Kh8 46. Rxf4 exf4
47. Qh2 Ra1+ 0-1

[Event "5. Obert Internacional Masdenverge 2016"]
[Site "Masdenverge ESP"]
[Date "2016.06.26"]
[Round "6.6"]
[White "Viñals Rioja, Jaume"]
[Black "Brusi Noguera, Ricardo Ll."]
[Result "0-1"]
[WhiteElo "2024"]
[BlackElo "2126"]
[PlyCount "100"]
[EventDate "2016.06.24"]
[EventType "swiss"]
[EventRounds "7"]
[EventCountry "ESP"]
[SourceTitle "Ajedrez en Madrid"]
[Source "lmi"]
[SourceDate "2016.06.24"]
[SourceVersion "1"]
[SourceVersionDate "2018.04.15"]
[SourceQuality "1"]

1. e4 Nf6 2. e5 Nd5 3. Nc3 Nxc3 4. dxc3 d5 5. f4 c5 6. Nf3 Bg4 7. h3 Bxf3 8.
Qxf3 e6 9. c4 Nc6 10. cxd5 Nd4 11. Qf2 Qxd5 12. c3 Qe4+ 13. Kd1 Nc6 14. Bb5 a6
15. Bxc6+ Qxc6 16. Be3 Be7 17. Ke2 Qb5+ 18. Kf3 O-O 19. Qe2 c4 20. Rhd1 f6 21.
Bd4 f5 22. Rd2 Rad8 23. Rad1 Rd5 24. Be3 Rfd8 25. Rxd5 Rxd5 26. Rxd5 Qxd5+ 27.
Kf2 b5 28. Qd2 Qxd2+ 29. Bxd2 Kf7 30. a3 Ke8 31. Be3 Kd7 32. g3 Kc6 33. Kf3 Kd5
34. h4 g6 35. Bb6 h6 36. Ke3 Kc6 37. Ba7 g5 38. h5 gxf4+ 39. gxf4 a5 40. Bd4 b4
41. axb4 axb4 42. cxb4 Bxb4 43. Bc3 Bc5+ 44. Kf3 Kb5 45. Ke2 Ka4 46. Bd2 Kb3
47. Kd1 Kxb2 48. Bc1+ Kc3 49. Bd2+ Kd3 50. Ba5 c3 0-1

[Event "5. Obert Internacional Masdenverge 2016"]
[Site "Masdenverge ESP"]
[Date "2016.06.26"]
[Round "6.7"]
[White "Martinez, Juan Manuel"]
[Black "Jordan Martinez, David"]
[Result "1/2-1/2"]
[WhiteElo "1949"]
[BlackElo "2195"]
[PlyCount "96"]
[EventDate "2016.06.24"]
[EventType "swiss"]
[EventRounds "7"]
[EventCountry "ESP"]
[SourceTitle "Ajedrez en Madrid"]
[Source "lmi"]
[SourceDate "2016.06.24"]
[SourceVersion "1"]
[SourceVersionDate "2018.04.15"]
[SourceQuality "1"]

1. d4 Nf6 2. c4 e6 3. Nf3 Bb4+ 4. Bd2 Qe7 5. a3 Bxd2+ 6. Nbxd2 d6 7. Qc2 e5 8.
dxe5 dxe5 9. e3 O-O 10. Be2 e4 11. Nd4 c5 12. Nb5 Nc6 13. Nc3 Bf5 14. Nd5 Qe5
15. Nxf6+ Qxf6 16. g4 Bg6 17. h4 h6 18. Nxe4 Bxe4 19. Qxe4 Qxb2 20. Qb1 Qc3+
21. Kf1 Rad8 22. Qc1 Qxc1+ 23. Rxc1 Rd2 24. f4 Rfd8 25. Kf2 Kf8 26. Rhd1 Na5
27. Rxd2 Rxd2 28. Kf3 Ke7 29. Rc3 b6 30. Bd3 Rh2 31. Kg3 Rb2 32. Bc2 Nc6 33.
Ba4 Na5 34. Bc2 Kd6 35. Kf3 a6 36. g5 b5 37. cxb5 axb5 38. f5 hxg5 39. f6 gxf6
40. h5 Ke7 41. h6 Nc4 42. Kg3 Kf8 43. a4 Nxe3 44. Rxe3 Rxc2 45. Re8+ Kxe8 46.
h7 Rc3+ 47. Kg2 Rc2+ 48. Kg3 Rc3+ 1/2-1/2

[Event "5. Obert Internacional Masdenverge 2016"]
[Site "Masdenverge ESP"]
[Date "2016.06.26"]
[Round "6.8"]
[White "Campos Olaya, Israel"]
[Black "Rius Guarch, Daniel"]
[Result "1-0"]
[WhiteElo "2162"]
[BlackElo "1924"]
[PlyCount "57"]
[EventDate "2016.06.24"]
[EventType "swiss"]
[EventRounds "7"]
[EventCountry "ESP"]
[SourceTitle "Ajedrez en Madrid"]
[Source "lmi"]
[SourceDate "2016.06.24"]
[SourceVersion "1"]
[SourceVersionDate "2018.04.15"]
[SourceQuality "1"]

1. e4 c5 2. Nc3 Nc6 3. Bb5 Nd4 4. Bc4 d6 5. d3 g6 6. Nf3 Bg7 7. Nxd4 cxd4 8.
Ne2 e6 9. h4 h6 10. Nf4 Ne7 11. Qf3 Bd7 12. Bd2 Nc6 13. Bb3 b5 14. Qg3 Be5 15.
Qg4 Qf6 16. Ne2 h5 17. Qh3 Qg7 18. f4 Bf6 19. Qf3 a5 20. a4 b4 21. Bc4 O-O 22.
Kf2 e5 23. f5 gxf5 24. exf5 Ne7 25. Ng3 Qg4 26. Ne4 Bh8 27. Bh6 Qxf3+ 28. gxf3
Bg7 29. Bxg7 1-0

[Event "5. Obert Internacional Masdenverge 2016"]
[Site "Masdenverge ESP"]
[Date "2016.06.26"]
[Round "6.9"]
[White "Sanchez Gilabert, Andrea"]
[Black "Colls Gelaberto, Emili"]
[Result "0-1"]
[WhiteElo "1388"]
[BlackElo "2135"]
[PlyCount "102"]
[EventDate "2016.06.24"]
[EventType "swiss"]
[EventRounds "7"]
[EventCountry "ESP"]
[SourceTitle "Ajedrez en Madrid"]
[Source "lmi"]
[SourceDate "2016.06.24"]
[SourceVersion "1"]
[SourceVersionDate "2018.04.15"]
[SourceQuality "1"]

1. e4 c6 2. d4 d5 3. Nc3 dxe4 4. Nxe4 Nd7 5. Nf3 Ngf6 6. Ng3 e6 7. Bd3 Bd6 8.
c3 b6 9. Be3 Bb7 10. Qe2 Qc7 11. O-O-O O-O-O 12. Ng5 Rdf8 13. N3e4 Bf4 14. g3
Bxe3+ 15. fxe3 h6 16. Nf3 c5 17. Rhe1 c4 18. Nfd2 cxd3 19. Qxd3 Nxe4 20. Nxe4
f5 21. Nd2 Nf6 22. Nc4 Ne4 23. Rf1 Ba6 24. Nd6+ Nxd6 25. Qxa6+ Kb8 26. d5 e5
27. Rd2 Qc4 28. Qxc4 Nxc4 29. Rd3 e4 30. Rd4 Nxe3 31. Re1 Ng4 32. h3 Ne5 33.
Red1 Nd3+ 34. Kc2 Rd8 35. a3 Rd6 36. c4 a5 37. Rf1 g6 38. g4 Rf8 39. h4 Ne5 40.
Rxe4 fxe4 41. Rxf8+ Kc7 42. Rf4 Nxc4 43. Rxe4 b5 44. Re7+ Kb6 45. a4 Kc5 46.
axb5 Kxd5 47. Kc3 Ne5 48. Ra7 Nxg4 49. Rxa5 Rb6 50. b4 Ne5 51. Kb3 Kd4 0-1

[Event "5. Obert Internacional Masdenverge 2016"]
[Site "Masdenverge ESP"]
[Date "2016.06.26"]
[Round "6.10"]
[White "Molano Lafuente, Ismael"]
[Black "Aubanell Ber, Sergi"]
[Result "1-0"]
[WhiteElo "2065"]
[BlackElo "1840"]
[PlyCount "71"]
[EventDate "2016.06.24"]
[EventType "swiss"]
[EventRounds "7"]
[EventCountry "ESP"]
[SourceTitle "Ajedrez en Madrid"]
[Source "lmi"]
[SourceDate "2016.06.24"]
[SourceVersion "1"]
[SourceVersionDate "2018.04.15"]
[SourceQuality "1"]

1. f4 d5 2. Nf3 c5 3. e3 Nc6 4. b3 Bg4 5. Bb5 a6 6. Bxc6+ bxc6 7. h3 Bxf3 8.
Qxf3 Nf6 9. Bb2 h5 10. g3 e6 11. d3 Qb6 12. Nc3 Rd8 13. O-O Be7 14. Na4 Qa7 15.
Rad1 Kf8 16. Kg2 Nd7 17. g4 Bf6 18. e4 Bxb2 19. Nxb2 hxg4 20. hxg4 Qc7 21. Rh1
Ke7 22. Qf2 Rdg8 23. Na4 Ke8 24. g5 d4 25. Kf3 Qd8 26. Qg3 Qe7 27. Nb2 Nb6 28.
Rdg1 Qc7 29. Qe1 Nd7 30. Nc4 Ke7 31. e5 f6 32. gxf6+ gxf6 33. Rxg8 Rxg8 34.
Rh7+ Kf8 35. Qh4 Qd8 36. Qh6+ 1-0

[Event "5. Obert Internacional Masdenverge 2016"]
[Site "Masdenverge ESP"]
[Date "2016.06.26"]
[Round "6.11"]
[White "De La Plaza Gras, Jordi"]
[Black "Orti Camany, Vicente Jose"]
[Result "1/2-1/2"]
[WhiteElo "1933"]
[BlackElo "1963"]
[PlyCount "90"]
[EventDate "2016.06.24"]
[EventType "swiss"]
[EventRounds "7"]
[EventCountry "ESP"]
[SourceTitle "Ajedrez en Madrid"]
[Source "lmi"]
[SourceDate "2016.06.24"]
[SourceVersion "1"]
[SourceVersionDate "2018.04.15"]
[SourceQuality "1"]

1. f4 Nf6 2. Nf3 g6 3. d3 d5 4. g3 Bg7 5. Bg2 O-O 6. O-O c5 7. c3 Nc6 8. Qc2 d4
9. e4 dxe3 10. Bxe3 Bf5 11. Rd1 c4 12. Bf1 Qd5 13. Nh4 Bxd3 14. Bxd3 cxd3 15.
Qxd3 Qh5 16. Na3 Rfd8 17. Qf1 Ng4 18. Nc2 Nxe3 19. Nxe3 Qc5 20. Qf2 e5 21. fxe5
Nxe5 22. Ng4 Qxf2+ 23. Nxf2 Nc4 24. b3 Ne3 25. Rxd8+ Rxd8 26. Re1 Bh6 27. Nf3
f5 28. Nd4 Kf7 29. a4 a6 30. Nf3 Re8 31. c4 Nc2 32. Rxe8 Kxe8 33. Nd3 Be3+ 34.
Kf1 Nd4 35. Nxd4 Bxd4 36. b4 Kd7 37. Ke2 g5 38. Kf3 g4+ 39. Kg2 Kd6 40. a5 Kc6
41. h3 h5 42. hxg4 hxg4 43. Kf1 b6 44. axb6 Kxb6 45. Ke2 Kc6 1/2-1/2

[Event "5. Obert Internacional Masdenverge 2016"]
[Site "Masdenverge ESP"]
[Date "2016.06.26"]
[Round "7.1"]
[White "Montalban Galvez, Antoni"]
[Black "Hassomal Daswani, Birjkumar"]
[Result "1-0"]
[WhiteElo "2193"]
[BlackElo "2031"]
[PlyCount "71"]
[EventDate "2016.06.24"]
[EventType "swiss"]
[EventRounds "7"]
[EventCountry "ESP"]
[SourceTitle "Ajedrez en Madrid"]
[Source "lmi"]
[SourceDate "2016.06.24"]
[SourceVersion "1"]
[SourceVersionDate "2018.04.15"]
[SourceQuality "1"]

1. d4 c5 2. d5 e5 3. e4 d6 4. h3 Nf6 5. Nd2 Be7 6. Bd3 a6 7. a4 Nbd7 8. Ne2 Nf8
9. Nc4 Bd7 10. a5 Ng6 11. Ng3 Qc7 12. Nh5 Nxh5 13. Qxh5 Rd8 14. Qe2 Bf6 15. O-O
O-O 16. Rb1 Bb5 17. Nb6 Be8 18. c3 Ne7 19. b4 cxb4 20. cxb4 Ng6 21. g3 Qe7 22.
b5 axb5 23. Bxb5 Bg5 24. Bxe8 Rfxe8 25. Qg4 Bxc1 26. Rfxc1 Qf6 27. Rc7 Nf8 28.
Rxb7 g6 29. Kg2 h5 30. Qf3 Qxf3+ 31. Kxf3 f5 32. exf5 gxf5 33. a6 e4+ 34. Ke3
Ng6 35. a7 Ne5 36. Ra1 1-0

[Event "5. Obert Internacional Masdenverge 2016"]
[Site "Masdenverge ESP"]
[Date "2016.06.26"]
[Round "7.2"]
[White "Jordan Martinez, Miguel"]
[Black "Panella Navarro, Sergi"]
[Result "0-1"]
[WhiteElo "2193"]
[BlackElo "2194"]
[PlyCount "104"]
[EventDate "2016.06.24"]
[EventType "swiss"]
[EventRounds "7"]
[EventCountry "ESP"]
[SourceTitle "Ajedrez en Madrid"]
[Source "lmi"]
[SourceDate "2016.06.24"]
[SourceVersion "1"]
[SourceVersionDate "2018.04.15"]
[SourceQuality "1"]

1. e4 e5 2. Nf3 Nc6 3. Bc4 Nf6 4. d3 Bc5 5. c3 O-O 6. Nbd2 a6 7. Bb3 d6 8. h3
Ba7 9. Nf1 h6 10. Qe2 d5 11. Ng3 Re8 12. O-O Be6 13. Kh2 Na5 14. Bc2 dxe4 15.
Nxe4 Bd5 16. Nfd2 b5 17. b3 c5 18. Qf3 Kh8 19. g4 Rc8 20. Qg3 Bb8 21. Rg1 Ng8
22. Nf3 c4 23. dxc4 Bxe4 24. Bxe4 Nf6 25. Re1 bxc4 26. b4 Nxe4 27. Rxe4 Qd5 28.
Nd2 Nb7 29. Qe3 Nd6 30. Kg1 Nxe4 31. Qxe4 Red8 32. Qxd5 Rxd5 33. Kf1 Rd3 34.
Ne4 Ba7 35. Ke2 Rxh3 36. g5 hxg5 37. Bxg5 f6 38. Be3 Bxe3 39. fxe3 Rd8 40. Nf2
Rh2 41. a4 g5 42. Kf3 f5 43. Kg3 Rh6 44. e4 f4+ 45. Kg4 Rh2 46. Nh3 Rd3 47.
Nxg5 Rg3+ 48. Kf5 Rh5 49. b5 Rhxg5+ 50. Kf6 a5 51. Rb1 Rg6+ 52. Kxe5 Rxc3 0-1

[Event "5. Obert Internacional Masdenverge 2016"]
[Site "Masdenverge ESP"]
[Date "2016.06.26"]
[Round "7.3"]
[White "Roig Aguilar, Alejandro"]
[Black "Accensi Estrada, Miguel Angel"]
[Result "1-0"]
[WhiteElo "2192"]
[BlackElo "2185"]
[PlyCount "57"]
[EventDate "2016.06.24"]
[EventType "swiss"]
[EventRounds "7"]
[EventCountry "ESP"]
[SourceTitle "Ajedrez en Madrid"]
[Source "lmi"]
[SourceDate "2016.06.24"]
[SourceVersion "1"]
[SourceVersionDate "2018.04.15"]
[SourceQuality "1"]

1. d4 Nf6 2. c4 e6 3. Nc3 d5 4. cxd5 exd5 5. Bg5 Bb4 6. a3 Bxc3+ 7. bxc3 h6 8.
Bxf6 Qxf6 9. e3 c5 10. f3 O-O 11. Bd3 Re8 12. Kf2 Nc6 13. Ne2 c4 14. Bc2 Bf5
15. Ng3 Bxc2 16. Qxc2 b5 17. Rhe1 a5 18. e4 dxe4 19. Nxe4 Qh4+ 20. Kg1 f5 21.
Ng3 g6 22. Qb2 b4 23. axb4 axb4 24. Rxa8 Rxa8 25. Qe2 Qf6 26. Qxc4+ Kh8 27. Re6
Ra1+ 28. Nf1 Qf7 29. Rxc6 1-0

[Event "5. Obert Internacional Masdenverge 2016"]
[Site "Masdenverge ESP"]
[Date "2016.06.26"]
[Round "7.4"]
[White "Brusi Noguera, Ricardo Ll."]
[Black "Campos Olaya, Israel"]
[Result "1/2-1/2"]
[WhiteElo "2126"]
[BlackElo "2162"]
[PlyCount "27"]
[EventDate "2016.06.24"]
[EventType "swiss"]
[EventRounds "7"]
[EventCountry "ESP"]
[SourceTitle "Ajedrez en Madrid"]
[Source "lmi"]
[SourceDate "2016.06.24"]
[SourceVersion "1"]
[SourceVersionDate "2018.04.15"]
[SourceQuality "1"]

1. d4 d5 2. c4 e6 3. Nc3 Nf6 4. cxd5 exd5 5. Bg5 Be7 6. e3 h6 7. Bh4 b6 8. Bd3
Bb7 9. Nf3 Nbd7 10. O-O Ne4 11. Bxe7 Qxe7 12. Rc1 Nxc3 13. Rxc3 c6 14. a3
1/2-1/2